Statistiken für Beste Champions League Torschützen Real Madrid

Klicken Sie hier um das Quiz zu spielen!

Allgemein

  • Dieses Quiz wurde 395 mal gespielt
  • Das Durchschnittsergebnis liegt bei 27 aus 34

Antwortstatistiken

SaisonNationalitätToreSpieler% Korrekt
2012/13Portugal12Cristiano Ronaldo
100%
2017/18Portugal15Cristiano Ronaldo
100%
2016/17Portugal12Cristiano Ronaldo
100%
2015/16Portugal16Cristiano Ronaldo
100%
2014/15Portugal10Cristiano Ronaldo
100%
2013/14Portugal17Cristiano Ronaldo
100%
2011/12Portugal10Cristiano Ronaldo
100%
2010/11Portugal6Cristiano Ronaldo
100%
2009/10Portugal7Cristiano Ronaldo
100%
2021/22Frankreich15Karim Benzema
99%
2020/21Frankreich6Karim Benzema
99%
2019/20Frankreich5Karim Benzema
99%
2018/19Frankreich4Karim Benzema
99%
2010/11Frankreich6Karim Benzema
99%
2003/04Brasilien4Ronaldo
99%
2022/23Brasilien7Vinícius Júnior
94%
1999/00Spanien10Raúl
82%
1998/99Spanien3Raúl
82%
2000/01Spanien7Raúl
82%
2001/02Spanien6Raúl
82%
2002/03Spanien9Raúl
82%
2007/08Spanien5Raúl
82%
2004/05Spanien4Raúl
82%
2005/06Spanien2Raúl
82%
2006/07Spanien5Raúl
82%
2008/09Spanien3Raúl
82%
1995/96Spanien6Raúl
82%
2004/05Portugal4Luís Figo
64%
2008/09Niederlande3Ruud van Nistelrooy
55%
1997/98Kroatien4Davor Šuker
45%
1997/98Spanien4Morientes
26%
2005/06Spanien2Guti
20%
1998/99Niederlande3Clarence Seedorf
15%
1998/99Brasilien3Sávio
2%

Verteilung der Resultate

Perzentil nach korrekt beantworteten Fragen

Anzahl Personen mit jedem Resultat

Ihre Resultats-Entwicklung

Sie haben dieses Quiz noch nicht gespielt